00483 2200169 4500245005500000020002200055250001100077100002700088650002100115650001000136005001900146260009700165041001400262084000800276300002000284336000900304 aDana Dou b : DompucHeryus Saputro SamhudihText a978-602-437-359-7 aCet. 1 aHeryus Saputro Samhudi aSastra Indonesia aEbook a20241031084735 aJakartabBadan Pengembangan dan Pembinaan Bahasa Kementerian Pendidikan dan Kebudayaanc2017 aIndonesia a813 a195 hlm. :cPDF atext